[Event "NOR-ch"]
[Site "Oslo"]
[Date "2023.07.07"]
[Round "8"]
[White "Ostenstad, Berge"]
[Black "Djurhuus, Rune"]
[Result "1/2-1/2"]
[WhiteElo "2442"]
[BlackElo "2402"]
[PlyCount "112"]
[EventDate "2023.06.30"]
[EventType "swiss"]
[EventRounds "9"]
[EventCountry "NOR"]
[SourceTitle "CBM 215 Extra"]
[Source "ChessBase"]
[SourceDate "2023.09.30"]
[SourceVersion "1"]
[SourceVersionDate "2023.09.30"]
[SourceQuality "1"]

1. d4 Nf6 2. c4 g6 3. Nc3 Bg7 4. e4 d6 5. Nf3 0-0 6. Be2 e5 7. 0-0 exd4 8. Nxd4 Re8 9. f3 c6 10. Kh1 d5 11. cxd5 cxd5 12. Bg5 h6 13. Bxf6 Bxf6 14. Nxd5 Bg7 15. Nb5 Na6 16. Rc1 Rf8 17. Qb3 Be6 18. Rfd1 Qa5 19. Qa3 Qxa3 20. bxa3 Rfd8 21. Kg1 Bf8 22. Kf1 Nc5 23. Bc4 Kg7 24. Ke2 Rd7 25. Nd4 Bxd5 26. Bxd5 Re8 27. Nb3 Na4 28. Kf1 Bxa3 29. Rc2 Nb6 30. Nc5 Bxc5 31. Rxc5 Red8 32. Ke2 Nxd5 33. Rdxd5 Rxd5 34. exd5 Kf6 35. Rc7 Rxd5 36. Rxb7 Ra5 37. Rb2 Rh5 38. h3 Ra5 39. Ke3 Ke5 40. Rd2 g5 41. Kf2 f5 42. Ke3 h5 43. Ke2 f4 44. Ke1 Rd5 45. Rc2 Kd4 46. Kd2 Rb5 47. Ke2 Rb1 48. Rd2+ Kc4 49. Rc2+ Kb4 50. Kd3 Re1 51. Rc4+ Kb5 52. Re4 Rd1+ 53. Kc3 Rc1+ 54. Kd3 Rd1+ 55. Kc3 Rc1+ 56. Kd3 Rd1+ 1/2-1/2

[Event "NOR-ch"]
[Site "Oslo"]
[Date "2023.07.04"]
[Round "5"]
[White "Haldorsen, Benjamin"]
[Black "Ostenstad, Berge"]
[Result "1-0"]
[WhiteElo "2454"]
[BlackElo "2442"]
[PlyCount "95"]
[EventDate "2023.06.30"]
[EventType "swiss"]
[EventRounds "9"]
[EventCountry "NOR"]
[SourceTitle "CBM 215 Extra"]
[Source "ChessBase"]
[SourceDate "2023.09.30"]
[SourceVersion "1"]
[SourceVersionDate "2023.09.30"]
[SourceQuality "1"]

1. e4 e6 2. d4 d5 3. e5 c5 4. c3 Nc6 5. Nf3 Bd7 6. Be2 Nge7 7. Na3 cxd4 8. cxd4 Nf5 9. Nc2 Be7 10. 0-0 0-0 11. Bd3 Rc8 12. Re1 a5 13. a3 a4 14. Bxf5 exf5 15. Ne3 Qa5 16. Qd3 Be6 17. Bd2 Qa6 18. Qb1 g6 19. g3 Rc7 20. Qd1 Rfc8 21. Rc1 Qb5 22. Rb1 Qa6 23. h4 b5 24. b4 Nb8 25. Ng2 Nd7 26. Nf4 Rc2 27. Nd3 R8c4 28. Rc1 Ra2 29. Ra1 Rac2 30. Rc1 Ra2 31. Ra1 Rac2 32. Re2 Rc8 33. Nc5 Nxc5 34. bxc5 Rc4 35. Rb1 Rb8 36. Kg2 Qc8 37. Rb4 Rxb4 38. axb4 Ra8 39. Bc1 f4 40. Bxf4 Bh3+ 41. Kh2 Bg4 42. Qd3 Qf5 43. Qxf5 Bxf5 44. Ra2 Bd3 45. Ra3 Be2 46. Nd2 f5 47. Re3 Bd1 48. Nb1 1-0

[Event "NOR-chT Elite 2223"]
[Site "Norway"]
[Date "2022.11.13"]
[Round "3.22"]
[White "Djurhuus, Rune"]
[Black "Ostenstad, Berge"]
[Result "0-1"]
[WhiteElo "2405"]
[BlackElo "2435"]
[PlyCount "86"]
[EventDate "2022.11.11"]
[EventType "team-tourn"]
[EventRounds "9"]
[EventCountry "NOR"]
[SourceTitle "CBM 211 Extra"]
[Source "ChessBase"]
[SourceDate "2023.01.31"]
[SourceVersion "1"]
[SourceVersionDate "2023.01.31"]
[SourceQuality "1"]
[WhiteTeam "Nordstrand"]
[BlackTeam "Asker"]
[WhiteTeamCountry "NOR"]
[BlackTeamCountry "NOR"]

1. e4 c5 2. Nf3 e6 3. d4 cxd4 4. Nxd4 Nc6 5. Nc3 Qc7 6. Be3 a6 7. a3 b5 8. Nxc6 Qxc6 9. Be2 Bb7 10. Bf3 Qc7 11. 0-0 Bd6 12. g3 Nf6 13. Bd4 Be5 14. Re1 0-0 15. Bg2 d6 16. h3 Rac8 17. f4 Bxd4+ 18. Qxd4 e5 19. Qf2 Bc6 20. Rad1 Rfd8 21. Rd2 a5 22. fxe5 dxe5 23. Nd5 Bxd5 24. exd5 Ne8 25. Bf1 Rb8 26. a4 b4 27. Bb5 Nd6 28. Bc6 f5 29. Rde2 e4 30. Kh2 Qe7 31. Qd4 Rf8 32. Rf1 h5 33. Rg2 h4 34. Rf4 hxg3+ 35. Rxg3 Rf6 36. h4 Rh6 37. Kg2 Rf8 38. c4 bxc3 39. bxc3 Rf7 40. Rh3 g5 41. hxg5 Rxh3 42. Kxh3 Qxg5 43. Rh4 Rg7 0-1

[Event "NOR-ch"]
[Site "Kongsvinger"]
[Date "2022.07.16"]
[Round "9"]
[White "Abdrlauf, Elham"]
[Black "Ostenstad, Berge"]
[Result "1/2-1/2"]
[WhiteElo "2466"]
[BlackElo "2451"]
[PlyCount "86"]
[EventDate "2022.07.08"]
[EventType "swiss"]
[EventRounds "9"]
[EventCountry "NOR"]
[SourceTitle "CBM 209 Extra"]
[Source "ChessBase"]
[SourceDate "2022.09.30"]
[SourceVersion "1"]
[SourceVersionDate "2022.09.30"]
[SourceQuality "1"]

1. e4 e5 2. Nc3 Nf6 3. Bc4 Nxe4 4. Qh5 Nd6 5. Bb3 Be7 6. Qxe5 0-0 7. Nf3 Nc6 8. Qf4 Na5 9. d4 c6 10. 0-0 b5 11. Re1 Bb7 12. Ne5 b4 13. Na4 Nxb3 14. axb3 Ne8 15. Nc5 Bc8 16. Bd2 Nc7 17. Qe4 Nd5 18. c4 bxc3 19. bxc3 f6 20. Ned3 Re8 21. c4 Nc7 22. Qf3 d6 23. Na4 Bd7 24. Ba5 Qc8 25. d5 Na6 26. Nf4 Qb7 27. Qg3 Bf8 28. Nh5 Kh8 29. Bc3 cxd5 30. cxd5 Rxe1+ 31. Rxe1 Re8 32. Rxe8 Bxe8 33. Nxf6 Bxa4 34. Qh4 h6 35. Qxa4 gxf6 36. Bxf6+ Bg7 37. Qe8+ Kh7 38. Qe4+ Kg8 39. Bxg7 Qxg7 40. Qe6+ Kh7 41. Qf5+ Qg6 42. Qd7+ Qg7 43. Qf5+ Qg6 1/2-1/2

[Event "NOR-ch"]
[Site "Kongsvinger"]
[Date "2022.07.08"]
[Round "1"]
[White "Ostenstad, Berge"]
[Black "Hammer, Jon Ludvig"]
[Result "0-1"]
[WhiteElo "2451"]
[BlackElo "2638"]
[PlyCount "108"]
[EventDate "2022.07.08"]
[EventType "swiss"]
[EventRounds "9"]
[EventCountry "NOR"]
[SourceTitle "CBM 209 Extra"]
[Source "ChessBase"]
[SourceDate "2022.09.30"]
[SourceVersion "1"]
[SourceVersionDate "2022.09.30"]
[SourceQuality "1"]

1. Nf3 g6 2. e4 c5 3. c4 Bg7 4. d4 cxd4 5. Nxd4 Nc6 6. Be3 Nf6 7. Nc3 d6 8. Be2 0-0 9. 0-0 Bd7 10. Nc2 Rc8 11. f3 Be6 12. Qd2 Nd7 13. Rab1 f5 14. exf5 Bxf5 15. Rbc1 Qa5 16. Na3 Nc5 17. Rfd1 a6 18. Bf1 Rcd8 19. Kh1 Kh8 20. Bh6 e5 21. Be3 Nd4 22. Nd5 Qxd2 23. Rxd2 h5 24. b4 Nce6 25. Bd3 Kh7 26. Nc2 Rc8 27. Bxd4 exd4 28. Bxf5 gxf5 29. Re1 Rfe8 30. Na3 Nf4 31. Rxe8 Rxe8 32. Kg1 Nxd5 33. cxd5 Bh6 34. Rd1 Rc8 35. Kf1 Rc3 36. Nb1 Rc2 37. Na3 Rc3 38. Nb1 Rc2 39. Na3 Rxa2 40. Nc4 Be3 41. Nxd6 Kg6 42. Nxb7 Kf6 43. Na5 Rf2+ 44. Ke1 Rxg2 45. Nc4 Rxh2 46. Nxe3 dxe3 47. Rd3 f4 48. Ra3 Ke5 49. Rxa6 h4 50. d6 Ke6 51. d7+ Kxd7 52. Rh6 h3 53. b5 Rh1+ 54. Ke2 h2 0-1

[Event "NOR-ch"]
[Site "Oslo"]
[Date "2021.07.07"]
[Round "6"]
[White "Ostenstad, Berge"]
[Black "Haldorsen, Benjamin"]
[Result "1-0"]
[WhiteElo "2451"]
[BlackElo "2477"]
[PlyCount "109"]
[EventDate "2021.07.02"]
[EventType "swiss"]
[EventRounds "9"]
[EventCountry "NOR"]
[SourceTitle "CBM 203 Extra"]
[Source "ChessBase"]
[SourceDate "2021.09.30"]
[SourceVersion "1"]
[SourceVersionDate "2021.09.30"]
[SourceQuality "1"]

1. d4 Nf6 2. c4 c5 3. d5 e6 4. Nc3 exd5 5. cxd5 d6 6. Nf3 g6 7. Nd2 Bg7 8. e4 0-0 9. Be2 Ne8 10. 0-0 Na6 11. Nc4 f5 12. exf5 Bxf5 13. Ne3 Bd7 14. Bd2 Rb8 15. a4 Nb4 16. Qb3 a6 17. a5 b6 18. axb6 Rxb6 19. Qd1 Qe7 20. Nc4 Rb8 21. Bg4 Nf6 22. Bxd7 Nxd7 23. Re1 Qh4 24. Ne4 h6 25. Bc3 Nf6 26. g3 Qh3 27. Nxf6+ Bxf6 28. Qd2 Qf5 29. Nxd6 Bxc3 30. bxc3 Qxd5 31. Red1 Qxd2 32. Rxd2 Nc6 33. Nc4 Ra8 34. Rd6 Ne7 35. Re6 Ra7 36. Raxa6 Rxa6 37. Rxa6 Kg7 38. Ra7 Kf6 39. Rc7 Nd5 40. Rc6+ Kg7 41. Ne5 Nxc3 42. Rxg6+ Kh7 43. Rc6 Ne4 44. f3 Rf5 45. f4 h5 46. Kg2 Rf8 47. Kf3 Nd2+ 48. Ke2 Nb3 49. Kd3 Rd8+ 50. Ke4 h4 51. Rc7+ Kg8 52. g4 h3 53. g5 Nd2+ 54. Kf5 Nf1 55. Ng4 1-0

[Event "NOR-chT Elite 1920"]
[Site "Norway"]
[Date "2020.03.08"]
[Round "9.4"]
[White "Houska, Jovanka"]
[Black "Ostenstad, Berge"]
[Result "0-1"]
[WhiteElo "2396"]
[BlackElo "2448"]
[PlyCount "124"]
[EventDate "2019.11.01"]
[EventType "team-tourn"]
[EventRounds "9"]
[EventCountry "NOR"]
[SourceTitle "CBM 195 Extra"]
[Source "ChessBase"]
[SourceDate "2020.05.31"]
[SourceVersion "1"]
[SourceVersionDate "2020.05.31"]
[SourceQuality "1"]
[WhiteTeam "Bergens"]
[BlackTeam "Asker"]
[WhiteTeamCountry "NOR"]
[BlackTeamCountry "NOR"]

1. d4 Nf6 2. Nf3 g6 3. Nbd2 d5 4. b3 Bg7 5. Bb2 0-0 6. e3 b6 7. c4 e6 8. Rc1 Bb7 9. Bd3 a5 10. 0-0 Na6 11. a3 c5 12. cxd5 Nxd5 13. Ne4 Qe7 14. Qe2 Rfc8 15. h3 Rc7 16. Rfd1 cxd4 17. Rxc7 Naxc7 18. Nxd4 Rd8 19. Rc1 Nf4 20. exf4 Bxd4 21. Bxd4 Rxd4 22. Qb2 Qd8 23. Nf6+ Qxf6 24. Rxc7 Bd5 25. f5 gxf5 26. Qc3 Kg7 27. Bf1 f4 28. Rc8 e5 29. Rb8 Rd1 30. Qc8 Kh6 31. Qf8+ Kh5 32. Qg8 Qg6 33. g4+ fxg3 34. Qxg6+ hxg6 35. fxg3 Bxb3 36. Kf2 Rd6 37. Ke3 Kg5 38. h4+ Kf6 39. g4 Bd5 40. Be2 Ke7 41. Bd3 Be6 42. h5 gxh5 43. gxh5 Bg4 44. Bg6 Kf6 45. Rg8 Bf5 46. Bxf5 Kxf5 47. Rg7 Kf6 48. Rg8 Rd4 49. Rb8 Rh4 50. Rxb6+ Kf5 51. h6 f6 52. Ra6 Rxh6 53. Rxa5 Rh3+ 54. Kf2 Kf4 55. Kg2 Rb3 56. Ra8 e4 57. a4 f5 58. a5 Ra3 59. a6 Ke3 60. a7 f4 61. Kh3 Kf3 62. Kh2 e3 0-1

[Event "NOR-chT Elite 1920"]
[Site "Norway"]
[Date "2019.11.01"]
[Round "1.2"]
[White "Ostenstad, Berge"]
[Black "Urkedal, Frode Olav Olsen"]
[Result "0-1"]
[WhiteElo "2448"]
[BlackElo "2545"]
[PlyCount "74"]
[EventDate "2019.11.01"]
[EventType "team-tourn"]
[EventRounds "9"]
[EventCountry "NOR"]
[SourceTitle "CBM 194 Extra"]
[Source "ChessBase"]
[SourceDate "2020.03.31"]
[SourceVersion "1"]
[SourceVersionDate "2020.03.31"]
[SourceQuality "1"]
[WhiteTeam "Asker"]
[BlackTeam "Oslo SK 1911"]
[WhiteTeamCountry "NOR"]
[BlackTeamCountry "NOR"]

1. d4 Nf6 2. c4 e6 3. Nf3 d5 4. Nc3 c6 5. e3 Nbd7 6. Qc2 Bd6 7. Bd3 0-0 8. 0-0 dxc4 9. Bxc4 b5 10. Be2 a6 11. e4 e5 12. Bg5 h6 13. Bh4 exd4 14. Nxd4 Qc7 15. Kh1 Re8 16. Rad1 Be5 17. Nf5 Nc5 18. Bxf6 Bxf6 19. Nd6 Rd8 20. Nxc8 Raxc8 21. f4 Bxc3 22. bxc3 Rxd1 23. Bxd1 Rd8 24. Be2 Qd6 25. Rd1 Qf6 26. Rf1 Rd7 27. Bg4 Rd3 28. e5 Qg6 29. Be2 Rf3 30. Qd2 Rxf1+ 31. Bxf1 Qb1 32. Kg1 Ne4 33. Qd4 Qe1 34. g3 c5 35. Qd8+ Kh7 36. Qd3 c4 37. Qc2 g6 0-1

[Event "NOR-chT 1819"]
[Site "Norway"]
[Date "2019.01.11"]
[Round "4.3"]
[White "Ostenstad, Berge"]
[Black "Hobber, Anders"]
[Result "1-0"]
[WhiteElo "2443"]
[BlackElo "2307"]
[PlyCount "51"]
[EventDate "2018.11.02"]
[EventType "team-tourn"]
[EventRounds "9"]
[EventCountry "NOR"]
[SourceTitle "CBM 188 Extra"]
[Source "ChessBase"]
[SourceDate "2019.02.26"]
[SourceVersion "1"]
[SourceVersionDate "2019.02.26"]
[SourceQuality "1"]
[WhiteTeam "Asker"]
[BlackTeam "Akademisk"]
[WhiteTeamCountry "NOR"]
[BlackTeamCountry "NOR"]

1. c4 c6 2. e4 d5 3. cxd5 cxd5 4. exd5 Nf6 5. Nc3 Nxd5 6. Nf3 e6 7. Bc4 Nc6 8. 0-0 Be7 9. d4 0-0 10. Re1 Nxc3 11. bxc3 b6 12. Bd3 Bb7 13. h4 Bxh4 14. Nxh4 Qxh4 15. Re3 h6 16. Rh3 Qe7 17. Rg3 Qh4 18. Rh3 Qe7 19. Qh5 f5 20. Bxh6 Qf7 21. Qh4 Qf6 22. Bg5 Qg6 23. Be2 f4 24. Bd3 Rf5 25. Bxf5 exf5 26. Re1 1-0

[Event "NOR-ch"]
[Site "Sarpsborg"]
[Date "2018.07.12"]
[Round "7"]
[White "Tallaksen, Levi Andre"]
[Black "Ostenstad, Berge"]
[Result "0-1"]
[WhiteElo "2298"]
[BlackElo "2447"]
[PlyCount "138"]
[EventDate "2018.07.06"]
[EventType "swiss"]
[EventRounds "9"]
[EventCountry "NOR"]
[SourceTitle "CBM 185 Extra"]
[Source "ChessBase"]
[SourceDate "2018.07.29"]
[SourceVersion "1"]
[SourceVersionDate "2018.07.29"]
[SourceQuality "1"]

1. d4 Nf6 2. c4 e6 3. Nf3 b6 4. a3 Ba6 5. Qc2 Bb7 6. Nc3 c5 7. e4 cxd4 8. Nxd4 d6 9. Be2 Be7 10. 0-0 a6 11. Be3 Nbd7 12. f4 Qc7 13. b3 0-0 14. Bf3 Rfe8 15. g4 e5 16. Nf5 exf4 17. Bxf4 Ne5 18. g5 Nfd7 19. Nd5 Bxd5 20. exd5 Bf8 21. Kh1 b5 22. Nd4 bxc4 23. Nc6 g6 24. bxc4 Bg7 25. Rab1 Nc5 26. Bg2 Ned3 27. Bg3 Re3 28. Qd2 Rae8 29. Rb8 Bf8 30. Rxe8 Rxe8 31. Rf3 Qb6 32. Qd1 Nb2 33. Qf1 Qb7 34. Be1 Nxc4 35. Bc3 Ne3 36. Qe1 Nd3 37. Rxe3 Rxe3 38. Qxe3 Qb1+ 39. Be1 Nxe1 40. Bf1 Nc2 41. Qg1 Ne3 42. Bg2 Qd3 43. Nb4 Qxa3 44. Be4 Nc4 45. Qe1 a5 46. Nd3 Qb3 47. h4 a4 48. h5 a3 49. hxg6 hxg6 50. Bxg6 Ne5 51. Nxe5 Qxd5+ 52. Be4 Qxe5 53. Qh4 Bg7 54. g6 a2 55. gxf7+ Kf8 56. Qd8+ Kxf7 57. Qc7+ Kf6 58. Qd8+ Qe7 59. Qa8 Kg5 60. Qa5+ Qe5 61. Qd2+ Kh4 62. Qf2+ Qg3 63. Qxa2 Qe1+ 64. Kg2 Qxe4+ 65. Kg1 Bd4+ 66. Kh2 Qf4+ 67. Kg2 Qg4+ 68. Kf1 Qf3+ 69. Ke1 Bc3+ 0-1

[Event "NOR-ch"]
[Site "Sarpsborg"]
[Date "2018.07.11"]
[Round "6"]
[White "Ostenstad, Berge"]
[Black "Haug, Johannes"]
[Result "1/2-1/2"]
[WhiteElo "2447"]
[BlackElo "2403"]
[PlyCount "153"]
[EventDate "2018.07.06"]
[EventType "swiss"]
[EventRounds "9"]
[EventCountry "NOR"]
[SourceTitle "CBM 185 Extra"]
[Source "ChessBase"]
[SourceDate "2018.07.29"]
[SourceVersion "1"]
[SourceVersionDate "2018.07.29"]
[SourceQuality "1"]

1. d4 Nf6 2. c4 e6 3. Nf3 d5 4. Nc3 Bb4 5. cxd5 exd5 6. Qa4+ Nc6 7. Bg5 h6 8. Bxf6 Qxf6 9. e3 0-0 10. Be2 Be6 11. a3 Bxc3+ 12. bxc3 Ne7 13. 0-0 Nc8 14. Ne5 Rd8 15. Qb4 Nd6 16. a4 Rac8 17. Nd3 c6 18. a5 Rc7 19. Qc5 Nc8 20. Qa3 Nd6 21. Qc5 Nc8 22. Nf4 Qe7 23. Nxe6 fxe6 24. Qxe7 Nxe7 25. c4 c5 26. cxd5 Nxd5 27. dxc5 Rxc5 28. Bg4 Kf7 29. Rfb1 Rd7 30. g3 Rdc7 31. Rb2 Ke7 32. Bf3 Kd6 33. e4 Nf6 34. e5+ Kxe5 35. Bxb7 Rc1+ 36. Rxc1 Rxc1+ 37. Kg2 Kd6 38. h4 Nd7 39. Rb4 Rc5 40. a6 Ra5 41. Rc4 Rc5 42. Rg4 g5 43. hxg5 hxg5 44. Rd4+ Ke7 45. Rd1 Rc7 46. Kf3 Nc5 47. Rb1 Kf6 48. Rb5 Ke5 49. Ke3 Kd6 50. Kd4 e5+ 51. Ke3 Re7 52. Rb2 Kc7 53. Kf3 Re6 54. Kg4 Nxa6 55. Bxa6 Rxa6 56. Kxg5 Ra5 57. Kf5 Kd6 58. Rd2+ Ke7 59. Re2 Kd6 60. Rd2+ Ke7 61. Re2 Kd6 62. Kf6 Rd5 63. g4 Rd4 64. g5 Rf4+ 65. Kg6 a5 66. Rb2 a4 67. Rb6+ Kd5 68. Rb5+ Ke6 69. Ra5 Rxf2 70. Rxa4 Rg2 71. Ra8 Kd5 72. Rd8+ Ke4 73. Kf6 Kf4 74. g6 e4 75. g7 e3 76. g8Q Rxg8 77. Rxg8 1/2-1/2

[Event "NOR-ch rapid"]
[Site "Drammen"]
[Date "2018.01.06"]
[Round "4"]
[White "Ostenstad, Berge"]
[Black "Elsness, Frode"]
[Result "1-0"]
[WhiteElo "2439"]
[BlackElo "2481"]
[PlyCount "77"]
[EventDate "2018.01.06"]
[EventType "swiss (rapid)"]
[EventRounds "10"]
[EventCountry "NOR"]
[SourceTitle "CBM 182 Extra"]
[Source "ChessBase"]
[SourceDate "2018.02.23"]
[SourceVersion "1"]
[SourceVersionDate "2018.02.23"]
[SourceQuality "1"]

1. d4 Nf6 2. c4 g6 3. Nc3 Bg7 4. e4 d6 5. Nf3 0-0 6. Be2 e5 7. 0-0 Nc6 8. d5 Ne7 9. b4 a5 10. Ba3 axb4 11. Bxb4 b6 12. a4 Re8 13. Qd3 Nf5 14. a5 bxa5 15. Rxa5 Rb8 16. Rb5 Bd7 17. Rxb8 Qxb8 18. Rb1 Qc8 19. c5 Nd4 20. c6 Bg4 21. h3 Bxf3 22. Bxf3 Bh6 23. Bd1 Rf8 24. Ba5 Ne8 25. Rb7 f5 26. Qb1 Qd8 27. exf5 gxf5 28. Ne2 Nxe2+ 29. Bxe2 e4 30. Bh5 e3 31. fxe3 Bxe3+ 32. Kh1 Qh4 33. Bxe8 Rxe8 34. Rb8 Rxb8 35. Qxb8+ Kf7 36. Qxc7+ Kg6 37. Qxd6+ Kh5 38. Qe6 Qf2 39. Qxf5+ 1-0

[Event "NOR-chT 1718"]
[Site "Norway"]
[Date "2017.11.03"]
[Round "1.1"]
[White "Ostenstad, Berge"]
[Black "Tallaksen, Levi Andre"]
[Result "1-0"]
[WhiteElo "2448"]
[BlackElo "2276"]
[PlyCount "161"]
[EventDate "2017.11.03"]
[EventType "team-tourn"]
[EventRounds "9"]
[EventCountry "NOR"]
[SourceTitle "CBM 181 Extra"]
[Source "ChessBase"]
[SourceDate "2017.12.12"]
[SourceVersion "1"]
[SourceVersionDate "2017.12.12"]
[SourceQuality "1"]
[WhiteTeam "Asker"]
[BlackTeam "Stavanger"]
[WhiteTeamCountry "NOR"]
[BlackTeamCountry "NOR"]

1. d4 Nf6 2. c4 e6 3. Nf3 Bb4+ 4. Bd2 Qe7 5. Nc3 b6 6. Rc1 Bb7 7. g3 c5 8. dxc5 Bxc5 9. Bg2 0-0 10. a3 d5 11. b4 Bd6 12. cxd5 Nxd5 13. Nb5 Rd8 14. 0-0 Nc6 15. Nxd6 Qxd6 16. Qb3 a5 17. Rfd1 Qe7 18. b5 a4 19. Qc2 Na7 20. Qxa4 Nc8 21. Qc2 Nd6 22. a4 Rdc8 23. Qb3 Ne4 24. Rxc8+ Bxc8 25. Qc2 Nxd2 26. Nxd2 Bb7 27. Nc4 Qc5 28. Qb3 Rc8 29. Rc1 Ba8 30. e3 h6 31. Qd1 Nb4 32. Bxa8 Rxa8 33. Nd6 Qe5 34. Nxf7 Qd5 35. Qxd5 Nxd5 36. Nd6 Rxa4 37. Rc8+ Kh7 38. Rc6 Rb4 39. Kg2 Kg6 40. e4 Nf6 41. f3 Nd7 42. f4 Nc5 43. Rxb6 Nxe4 44. f5+ Kg5 45. Nxe4+ Rxe4 46. fxe6 Kf6 47. Rc6 Re2+ 48. Kg1 Rb2 49. b6 h5 50. h4 Ke7 51. Rc7+ Kxe6 52. Rxg7 Kf6 53. Rg5 Rxb6 54. Rxh5 Rb2 55. Ra5 Kg6 56. Rg5+ Kh6 57. Rf5 Ra2 58. Rf2 Ra5 59. Kg2 Kh5 60. Re2 Rb5 61. Re4 Ra5 62. Kf3 Rf5+ 63. Ke3 Rf1 64. Re5+ Kg6 65. g4 Re1+ 66. Kf4 Rf1+ 67. Kg3 Rg1+ 68. Kf3 Rf1+ 69. Kg2 Ra1 70. h5+ Kf6 71. Rf5+ Kg7 72. Kg3 Kh6 73. Rf6+ Kg7 74. Rb6 Ra5 75. Kh4 Rc5 76. Rb7+ Kf6 77. g5+ Kf5 78. Rf7+ Ke6 79. Rf6+ Ke7 80. h6 Rc1 81. Kh5 1-0

[Event "Oslo op"]
[Site "Fornebu"]
[Date "2017.10.06"]
[Round "9"]
[White "Ostenstad, Berge"]
[Black "Chu, Wei Chao"]
[Result "0-1"]
[WhiteElo "2447"]
[BlackElo "2340"]
[PlyCount "89"]
[EventDate "2017.09.29"]
[EventType "swiss"]
[EventRounds "10"]
[EventCountry "NOR"]
[SourceTitle "CBM 181 Extra"]
[Source "ChessBase"]
[SourceDate "2017.12.12"]
[SourceVersion "1"]
[SourceVersionDate "2017.12.12"]
[SourceQuality "1"]

1. d4 Nf6 2. c4 c5 3. d5 e6 4. Nc3 exd5 5. cxd5 d6 6. Nf3 g6 7. Nd2 Bg7 8. e4 0-0 9. Be2 Re8 10. 0-0 Na6 11. f3 Nc7 12. a4 b6 13. Nc4 Ba6 14. Bg5 h6 15. Be3 Rb8 16. Qd2 Kh7 17. Rab1 b5 18. axb5 Nxb5 19. Nxb5 Bxb5 20. b4 Bxc4 21. Bxc4 Nd7 22. bxc5 Nxc5 23. Bxc5 dxc5 24. Qd3 Qd6 25. f4 Rxb1 26. Qxb1 Rb8 27. Qd3 Bd4+ 28. Kh1 f6 29. Bb5 a5 30. Bc6 Kg7 31. g3 h5 32. Re1 h4 33. Kg2 Qc7 34. Re2 Qc8 35. h3 Qc7 36. Ra2 Rb4 37. Re2 a4 38. e5 Rb3 39. Qe4 Rxg3+ 40. Kh2 Qb8 41. exf6+ Bxf6 42. Bxa4 c4 43. Rg2 Qa7 44. Bc2 Qa3 45. Qxc4 0-1

[Event "Oslo op"]
[Site "Fornebu"]
[Date "2017.10.03"]
[Round "6"]
[White "Li, Di"]
[Black "Ostenstad, Berge"]
[Result "1-0"]
[WhiteElo "2459"]
[BlackElo "2447"]
[PlyCount "76"]
[EventDate "2017.09.29"]
[EventType "swiss"]
[EventRounds "10"]
[EventCountry "NOR"]
[SourceTitle "CBM 181 Extra"]
[Source "ChessBase"]
[SourceDate "2017.12.12"]
[SourceVersion "1"]
[SourceVersionDate "2017.12.12"]
[SourceQuality "1"]

1. Nf3 Nf6 2. c4 c5 3. Nc3 d5 4. cxd5 Nxd5 5. e4 Nxc3 6. dxc3 Qxd1+ 7. Kxd1 Nd7 8. Bc4 e6 9. Bf4 Be7 10. Kc2 0-0 11. a4 Nf6 12. Rhe1 b6 13. Nd2 Bb7 14. f3 Nh5 15. Be3 Rfd8 16. Be2 h6 17. g3 Nf6 18. Nc4 Rac8 19. h4 Nd7 20. Red1 Bc6 21. h5 f5 22. exf5 exf5 23. Bf4 Nf6 24. Rxd8+ Rxd8 25. Ne5 Bd5 26. Ng6 Kf7 27. Nxe7 Kxe7 28. Re1 Kf8 29. g4 fxg4 30. fxg4 Re8 31. Bd2 Kf7 32. c4 Be4+ 33. Kd1 a5 34. Bc3 Bc6 35. b3 Re3 36. Kd2 Rg3 37. Bd3 Bd7 38. Be5 Rxg4 1-0